000 00658nam a22001937a 4500
999 _c11448
_d11448
003 AR-CdUCM
008 190404b ||||| |||| 00| 0 spa d
040 _aMUNICIPALIDAD PROVINCIAL DEL CUSCO
_cBIBLIOTECA MUNICIPAL DEL CUSCO
082 _aC / 869.56 /
_bM14
100 _aMadueño, Jose Leonidas
_928815
245 _aEstados de Alma :
_bpoesías /
260 _aArequipa :
_bEdilberto Portugal,
_c1947.
300 _a80 páginas ;
_c23 cm.
505 _aContenido: Dolor -- Belleza -- Vida -- Amor -- Fe y esperanza -- Verdad y ministerio...
650 _aPoesía.
_9139
650 _aPoesía Arequipeña.
_928816
942 _2ddc
_cLIBROS
945 _awfj